00886nam a22001937a 4500003000900000008004100009040007100050082002800121100002000149245009700169260003900266300002500305505023200330650003100562650001800593650002200611650002400633710003500657AR-CdUCM190221b pe ||||| |||| 00| 0 spa d aMUNICIPALIDAD PROVINCIAL DEL CUSCOcBIBLIOTECA MUNICIPAL DEL CUSCO 23 edicióna985 /bB24 aBasadre, Jorge  aPerú: Problema y Posibilidad :bAlgunas Reconsideraciones Cuarentisiete años Después / aPeru :bIndustrial Grafica,c1978. a425 paginas.c19 cm. aBreves reflexiones preliminares sobre un atraso y un avance notables en un reloj -- Reconsideraciones sobre la cultura antigua -- Reconsideraciones sobre la época colonial -- Reconsideraciones sobre la época republicana ... aProblemas y Posibilidades  aJorge Basadre aÉpoca Colonial  aÉpoca Republicana aBanco Internacional del Perú